| 000 | 00670nam a2200205Ia 4500 | ||
|---|---|---|---|
| 005 | 20241216011310.0 | ||
| 008 | 190429s9999||||xx |||||||||||||| ||und|| | ||
| 082 |
_a669 _bL59 |
||
| 100 | _aLIBERATO EUSEBIO ISAC ELIOENAI | ||
| 245 | 0 | _aAMPLIACION Y OPTIMIZACION DE LA PLANTA CONCENTRADORA HUARAUCACA DE 7490 TMD 2013 | |
| 250 | _a0 | ||
| 260 |
_aCERRO DE PASCO-PERU _bUNDAC _c2013 |
||
| 300 |
_a33 pag. _c30 cm. |
||
| 341 | _h0 | ||
| 490 |
_v0 _a0 |
||
| 505 | _aPLANTEAMIENTO DEL PROBLEMA/MARCO TEORICO/METODOLOGIA/RESULTADOS/DISCUSION/CONCLUSIONES | ||
| 541 |
_aD _bLIBERATO EUSEBIO ISAC E. _d25-Apr-14 _oSoles |
||
| 650 | _aIngenieria Metalurgica | ||
| 942 | _cTESIS | ||
| 999 |
_c38078 _d38078 |
||